| 000 | 00343 a2200145 4500 | ||
|---|---|---|---|
| 001 | 78668 | ||
| 082 | _a541.3 DAN | ||
| 090 |
_c39429 _d39429 |
||
| 100 | _aDaniels F | ||
| 245 |
_aPhysical Chemistry 2nd Ed _hEnglish |
||
| 250 | _a2 | ||
| 260 |
_aNew York _bJohn Wiley _c17/111985 |
||
| 500 | _aH&S Textbooks | ||
| 505 | _aAHQ Books | ||
| 942 |
_aNUST-CAE _cHS _cHS _k541.3 DAN |
||
| 999 |
_c313741 _d313741 |
||